NBA Players With 2+ MVP's - Statistics

General Stats
  • This quiz has been taken 92 times
    38 since last reset
  • The average score is 14 of 15
Answer Stats
Team(s) Played For # of MVP's Answer % Correct
Bucks 2 MVP's Giannis Antetokounmpo
100%
Cavaliers/Heat 4 MVP's LeBron James
100%
Bulls 5 MVP's Michael Jordan
100%
Warriors 2 MVP's Stephen Curry
100%
Spurs 2 MVP's Tim Duncan
100%
Bucks/Lakers 6 MVP's Kareem Abdul Jabbar
97%
Celtics 3 MVP's Larry Bird
97%
Jazz 2 MVP's Karl Malone
94%
Warriors/Sixers/Lakers 4 MVP's Wilt Chamberlain
94%
Celtics 5 MVP's Bill Russell
89%
Rockets/76ers 3 MVP's Moses Malone
89%
Nuggets 2 MVP's Nikola Jokic
86%
Lakers 3 MVP's Magic Johnson
83%
Suns 2 MVP's Steve Nash
83%
Hawks 2 MVP's Bob Pettit
64%
No matching quizzes found
Score Distribution
Percent of People with Each Score
Percentile by Number Answered
Your Score History
You have not taken this quiz since the last reset